The hot book & the cold book / (Record no. 5267)

MARC details
000 -LEADER
fixed length control field 01034nam a22002537a 4500
001 - CONTROL NUMBER
control field 5267
003 - CONTROL NUMBER IDENTIFIER
control field FISKH
005 - DATE AND TIME OF LATEST TRANSACTION
control field 20241204153753.0
008 - FIXED-LENGTH DATA ELEMENTS--GENERAL INFORMATION
fixed length control field 241121b cb ||||| |||| 00| 0 eng d
020 ## - INTERNATIONAL STANDARD BOOK NUMBER
International Standard Book Number 9780545831741
040 ## - CATALOGING SOURCE
Original cataloging agency FISKH
Language of cataloging eng
Transcribing agency FISKH
Modifying agency FISKH
082 ## - DEWEY DECIMAL CLASSIFICATION NUMBER
Classification number 536
100 ## - MAIN ENTRY--PERSONAL NAME
Personal name Goldsmith, Mike
Dates associated with a name (1962-)
245 ## - TITLE STATEMENT
Title The hot book & the cold book /
Statement of responsibility, etc. Dr. Mike Goldensmith Miranda Smith
250 ## - EDITION STATEMENT
Edition statement First published in 2015
260 ## - PUBLICATION, DISTRIBUTION, ETC.
Place of publication, distribution, etc. London :
Name of publisher, distributor, etc. Scholastic,
Date of publication, distribution, etc. 2015.
300 ## - PHYSICAL DESCRIPTION
Extent 62 pages :
Other physical details color illustrations ;
Dimensions 26 cm
520 ## - SUMMARY, ETC.
Summary, etc. This stunning series is packed with cross-curricular information, case studies and dazzling photography. Exploding volcanoes, sizzling start and fire-breathing dragons... enough burning hot facts to make you sweat! Ship-sinking icebergs, frozen planets, abominable snowmen... enough facts and fun about the cold to give you goosebumps!
650 ## - SUBJECT ADDED ENTRY--TOPICAL TERM
Source of heading or term Non-fiction
Topical term or geographic name entry element Cold
650 ## - SUBJECT ADDED ENTRY--TOPICAL TERM
Source of heading or term Science
Topical term or geographic name entry element Heat
700 ## - ADDED ENTRY--PERSONAL NAME
Personal name Smith, Miranda
Dates associated with a name Illustrator
942 ## - ADDED ENTRY ELEMENTS (KOHA)
Source of classification or shelving scheme Dewey Decimal Classification
Koha item type Books
Suppress in OPAC No
Holdings
Withdrawn status Lost status Source of classification or shelving scheme Damaged status Not for loan Collection Home library Current library Shelving location Date acquired Total Checkouts Full call number Barcode Date last seen Copy number Price effective from Koha item type
    Dewey Decimal Classification     Non-Fiction Footprints International School Library Network Toul Kork Campus Footprints International School Library Network Toul Kork Campus A TK Campus, 4th Floor, Room B401, Non-Fiction Bookcases(7-8) 11/21/2024   GOL 536 FISTK05644 11/21/2024 1 11/21/2024 Books